Transcontinental Countries - Statistics

General Stats
  • This quiz has been taken 49 times
    47 since last reset
  • The average score is 16 of 23
Answers on the Grid
Answers color-coded by a green-red scale on the quiz's grid according to % correct below.
Afghanistan
Andorra
Australia
Bhutan
Bolivia
Cental African Republic
Chile
Colombia
Denmark
Egypt
France
Greece
Indonesia
Iran
Italy
Kazakhstan
Malta
Mongolia
Morocco
Netherlands
New Zealand
Norway
Panama
Portugal
Russia
South Korea
Spain
Switzerland
Turkey
United Kingdom
United States
Venezuela
Yemen
 
Answer Stats
Answer % Correct
France
88%
Turkey
88%
Russia
85%
United Kingdom
82%
United States
82%
Spain
79%
Denmark
76%
Egypt
76%
Chile
74%
Greece
74%
Netherlands
74%
Australia
71%
Indonesia
71%
Portugal
71%
Italy
68%
New Zealand
65%
Norway
65%
Panama
59%
Colombia
56%
Venezuela
53%
Kazakhstan
50%
Yemen
50%
Malta
32%
No matching quizzes found
Score Distribution
Percent of People with Each Score
Percentile by Number Answered
Your Score History
You have not taken this quiz since the last reset